000 00185nam a22000977a 4500
245 _aXam Idea Biology
250 _a2024
260 _bV.K. Publicatoin
300 _a627
942 _2ddc
_cSB
999 _c9078
_d9078